00757nam a2200205Ia 4500003000900000008004100009020001800050040001600068080001600084100002900100245009300129260002700222300001800249490006000267650003400327650003200361942000700393999001700400952013400417IN-BaIIA211028s9999 xx 000 0 eng d a1-85233-568-8 cIIA Library a523.43bKAR aKargel, Jeffrey S929025 0aMarsba warmer, wetter planetcJeffrey S. Kargel  aLondonbSpringerc2004 axlviii, 557p. aSpringer - Praxis books in astronomy and space sciences aMars(Planet) - Climate929026 aMars(Planet) - Water929027 cBK c15744d15744 00104070aBANbBANcGENd2004-10-15eEDS g2283.14l0o523.43/ KARp16666r2021-11-05v2283.14w2004-10-15yBKGRs. 2283.14